00630 2200241 4500001002100000005001500021035002000036245007300056100002200129250000600151300003100157700001500188260003600203082001000239084001700249020001800266650001900284990001700303990001700320990001700337990001700354990001700371INLIS00000000000063720190122041222 a0010-01190000931 aKenalilah Tumbuhan Obat /cT. Muchtar Nasein; Ilustrator, T. Prabowo0 aT. Muchtar Nasein a- a54 hlm. :bilus. ;c21 cm.0 aT. Prabowo aJakarta :bCV Indradjaya,c2005 a635.7 a635.7 MUC k a979-9224-47-0 aTanaman Herbal a02370/H/2018 a02371/H/2018 a02372/H/2018 a02628/H/2018 a02629/H/2018